[Event "SVK-ch U20 rapid"]
[Site "Nitra"]
[Date "2021.09.11"]
[Round "1"]
[White "Steiniger, Florian"]
[Black "Haring, Filip"]
[Result "0-1"]
[WhiteElo "1564"]
[BlackElo "2133"]
[PlyCount "91"]
[EventDate "2021.09.11"]
[EventType "swiss (rapid)"]
[EventRounds "7"]
[EventCountry "SVK"]
[SourceTitle "EXT 2023"]
[Source "ChessBase"]
[SourceDate "2022.10.05"]
[SourceVersion "1"]
[SourceVersionDate "2022.10.05"]
[SourceQuality "1"]

1. e4 c5 2. c4 Nc6 3. Nc3 g6 4. g3 Bg7 5. Bg2 a6 6. Nge2 b5 7. d3 d6 8. 0-0 bxc4 9. dxc4 Bd7 10. Rb1 Nf6 11. b3 0-0 12. Bb2 Rb8 13. Nd5 Ne8 14. f4 Bg4 15. Bf3 Bxf3 16. Rxf3 e6 17. Bxg7 Kxg7 18. Ndc3 Qe7 19. Rd3 Nb4 20. Rd2 Qb7 21. Qf1 Nf6 22. Qf3 Rbd8 23. Rbd1 Qc7 24. e5 dxe5 25. fxe5 Ng8 26. Rxd8 Rxd8 27. Rxd8 Qxd8 28. Qe3 Qa5 29. Qd2 Nc6 30. Qd6 Nce7 31. Kf2 Nf5 32. Qd3 Nge7 33. g4 Nd4 34. Nxd4 cxd4 35. Qxd4 Nc6 36. Qe3 Nxe5 37. h3 Nc6 38. Na4 Qc7 39. Kg2 Qd6 40. Nc3 a5 41. Ne4 Qe5 42. Qc3 Nd4 43. Nf2 f6 44. Nd3 Qe4+ 45. Kg1 Qe5 46. Nf2 0-1

[Event "SVK-ch U18/20"]
[Site "Stara Lubovna"]
[Date "2021.06.30"]
[Round "6"]
[White "Steiniger, Florian"]
[Black "Zetocha, Adrian"]
[Result "1/2-1/2"]
[WhiteElo "1888"]
[BlackElo "2034"]
[PlyCount "69"]
[EventDate "2021.06.26"]
[EventType "swiss"]
[EventRounds "9"]
[EventCountry "SVK"]
[SourceTitle "CBM 203 Extra"]
[Source "ChessBase"]
[SourceDate "2021.09.30"]
[SourceVersion "1"]
[SourceVersionDate "2021.09.30"]
[SourceQuality "1"]

1. e4 c6 2. Nc3 d5 3. Nf3 Nf6 4. e5 Ne4 5. Ne2 Qb6 6. d4 e6 7. Ng3 c5 8. Bd3 Nxg3 9. fxg3 cxd4 10. 0-0 Nc6 11. Qe2 h6 12. g4 Be7 13. g5 hxg5 14. Nxg5 Bxg5 15. Bxg5 Qc7 16. Rae1 Nb4 17. Qf2 f5 18. Qxd4 Qb6 19. Qxb6 axb6 20. a3 Nxd3 21. cxd3 Bd7 22. Rc1 Bc6 23. Rf4 Kf7 24. Rb4 b5 25. h4 Ra4 26. Rxa4 bxa4 27. Kf2 Kg6 28. d4 f4 29. Kf3 Kf5 30. Rh1 Be8 31. Bxf4 Bh5+ 32. Ke3 Rf8 33. Rf1 Rc8 34. Bh6+ Kg4 35. Rf2 1/2-1/2

[Event "SVK-ch U18/20"]
[Site "Stara Lubovna"]
[Date "2021.06.26"]
[Round "1"]
[White "Gyerpal, Adrian"]
[Black "Steiniger, Florian"]
[Result "1-0"]
[WhiteElo "2098"]
[BlackElo "1888"]
[PlyCount "27"]
[EventDate "2021.06.26"]
[EventType "swiss"]
[EventRounds "9"]
[EventCountry "SVK"]
[SourceTitle "CBM 203 Extra"]
[Source "ChessBase"]
[SourceDate "2021.09.30"]
[SourceVersion "1"]
[SourceVersionDate "2021.09.30"]
[SourceQuality "1"]

1. Nf3 Nf6 2. c4 g6 3. g3 Bg7 4. Bg2 0-0 5. 0-0 d6 6. d4 c6 7. Nc3 Bf5 8. Ne1 d5 9. Qb3 dxc4 10. Qxb7 Nbd7 11. e4 Be6 12. Qxc6 Nb6 13. Qb5 Qxd4 14. Bf4 1-0

[Event "SVK-ch U16"]
[Site "Liptovsky Mikulas"]
[Date "2019.04.29"]
[Round "8"]
[White "Steiniger, Florian"]
[Black "Nosak, Alexander"]
[Result "1-0"]
[WhiteElo "1897"]
[BlackElo "1667"]
[PlyCount "117"]
[EventDate "2019.04.23"]
[EventType "swiss"]
[EventRounds "9"]
[EventCountry "SVK"]
[SourceTitle "CBM 190 Extra"]
[Source "ChessBase"]
[SourceDate "2019.07.15"]
[SourceVersion "1"]
[SourceVersionDate "2019.07.15"]
[SourceQuality "1"]

1. e4 e5 2. Nf3 Nc6 3. Bc4 Be7 4. 0-0 Nf6 5. d4 Nxe4 6. dxe5 d6 7. Bxf7+ Kxf7 8. Qd5+ Be6 9. Qxe4 dxe5 10. Nxe5+ Nxe5 11. Qxe5 Bf6 12. Qh5+ g6 13. Qf3 c6 14. Bg5 h6 15. Qxf6+ Qxf6 16. Bxf6 Kxf6 17. Nc3 Bf5 18. Rac1 Rad8 19. Rfd1 Rxd1+ 20. Nxd1 Rd8 21. Ne3 Be6 22. a3 g5 23. Kf1 Ke5 24. Ke2 Ke4 25. f3+ Ke5 26. Rd1 Rxd1 27. Nxd1 Bc4+ 28. Kf2 h5 29. Ne3 Be6 30. Nf1 Bf5 31. c3 h4 32. Ke3 Be6 33. Nd2 g4 34. fxg4 Bxg4 35. h3 Bh5 36. Nf3+ Kd5 37. b3 b5 38. Nxh4 Bd1 39. b4 Kc4 40. Kd2 Bh5 41. Nf3 c5 42. g4 Be8 43. h4 Kb3 44. bxc5 Kxa3 45. Nd4 a5 46. c6 b4 47. cxb4 axb4 48. c7 Bd7 49. h5 b3 50. Nxb3 Kxb3 51. h6 Bxg4 52. h7 Bf5 53. h8Q Kc4 54. Qc3+ Kd5 55. c8Q Bxc8 56. Qxc8 Ke4 57. Qe6+ Kd4 58. Qg4+ Kd5 59. Kd3 1-0

[Event "SVK-ch U16"]
[Site "Liptovsky Mikulas"]
[Date "2019.04.27"]
[Round "6"]
[White "Steiniger, Florian"]
[Black "Kostelansky, Karol"]
[Result "0-1"]
[WhiteElo "1897"]
[BlackElo "1720"]
[PlyCount "100"]
[EventDate "2019.04.23"]
[EventType "swiss"]
[EventRounds "9"]
[EventCountry "SVK"]
[SourceTitle "CBM 190 Extra"]
[Source "ChessBase"]
[SourceDate "2019.07.15"]
[SourceVersion "1"]
[SourceVersionDate "2019.07.15"]
[SourceQuality "1"]

1. e4 c6 2. d4 d5 3. Nc3 dxe4 4. Nxe4 Bf5 5. Ng3 Bg6 6. h4 h6 7. Nf3 Nd7 8. h5 Bh7 9. Bd3 Bxd3 10. Qxd3 e6 11. Be3 Ngf6 12. Qb3 Qc7 13. Ne2 Bd6 14. c4 c5 15. Nc3 a6 16. Rd1 cxd4 17. Nxd4 Be7 18. Nde2 Bd6 19. Rh4 Rc8 20. Na4 0-0 21. Rhd4 Nc5 22. Nxc5 Bxc5 23. Rh4 Bxe3 24. Qxe3 Qa5+ 25. Nc3 b5 26. Qe5 Qb4 27. Qe2 Nd5 28. Kf1 Nxc3 29. bxc3 Qe7 30. Rhd4 b4 31. Rd7 Qc5 32. cxb4 Qxb4 33. Rc1 Rc5 34. Ra7 Qa5 35. g4 Qb6 36. Rd7 Qc6 37. Qd2 Qh1+ 38. Ke2 Re5+ 39. Kd3 Qf3+ 40. Kd4 Re2 41. Qd3 Qf4+ 42. Kc5 Re5+ 43. Kc6 Qxc1 44. Rd8 Qh1+ 45. f3 Rxd8 46. Qxd8+ Kh7 47. Qd3+ f5 48. Kd6 Qh2 49. Ke7 Qh4+ 50. Kd6 Qd8+ 0-1

[Event "SVK-ch U16"]
[Site "Liptovsky Mikulas"]
[Date "2019.04.25"]
[Round "4"]
[White "Steiniger, Florian"]
[Black "Zdrazil, Patrik"]
[Result "1/2-1/2"]
[WhiteElo "1897"]
[BlackElo "1574"]
[PlyCount "60"]
[EventDate "2019.04.23"]
[EventType "swiss"]
[EventRounds "9"]
[EventCountry "SVK"]
[SourceTitle "CBM 190 Extra"]
[Source "ChessBase"]
[SourceDate "2019.07.15"]
[SourceVersion "1"]
[SourceVersionDate "2019.07.15"]
[SourceQuality "1"]

1. e4 c5 2. Nc3 Nc6 3. f4 e6 4. Nf3 g6 5. Bb5 Bg7 6. Bxc6 bxc6 7. 0-0 Ne7 8. d3 Rb8 9. Qe1 0-0 10. h3 f5 11. e5 d6 12. exd6 Qxd6 13. Ne5 Nd5 14. Nc4 Qd7 15. Ne5 Qd6 16. Bd2 Ba6 17. Rb1 Nb6 18. Rf3 Nd7 19. Re3 Nxe5 20. fxe5 Qe7 21. Rf3 Rbd8 22. Kh1 c4 23. dxc4 Bxc4 24. Na4 Rd5 25. Bc3 Qc7 26. b3 Ba6 27. Re3 Bh6 28. Rf3 Bg7 29. Re3 Bh6 30. Rf3 Bg7 1/2-1/2

[Event "SVK-ch U16"]
[Site "Liptovsky Mikulas"]
[Date "2018.04.25"]
[Round "7"]
[White "Steiniger, Florian"]
[Black "Stauder, Matej"]
[Result "0-1"]
[WhiteElo "1777"]
[BlackElo "1881"]
[PlyCount "62"]
[EventDate "2018.04.21"]
[EventType "swiss"]
[EventRounds "9"]
[EventCountry "SVK"]
[SourceTitle "CBM 184 Extra"]
[Source "ChessBase"]
[SourceDate "2018.06.28"]
[SourceVersion "1"]
[SourceVersionDate "2018.06.28"]
[SourceQuality "1"]

1. e4 c5 2. d4 cxd4 3. c3 dxc3 4. Nxc3 Nc6 5. Nf3 d6 6. Bc4 e6 7. 0-0 Nf6 8. Bf4 Be7 9. Nb5 e5 10. Bg3 0-0 11. Nc3 a6 12. a4 Bg4 13. Re1 Nd4 14. Be2 Bxf3 15. Bxf3 Rc8 16. Be2 Qb6 17. Rb1 Rfe8 18. Bf1 Bf8 19. Bh4 Nd7 20. Qg4 Re6 21. Rec1 Qb3 22. Nd1 Nb6 23. Rxc8 Nxc8 24. Ne3 b5 25. axb5 axb5 26. Nd5 Qc2 27. Ra1 Rg6 28. Bg5 h6 29. Qd7 Rxg5 30. Ra8 Nf3+ 31. Kh1 Qxf2 0-1

[Event "SVK-ch U16"]
[Site "Liptovsky Mikulas"]
[Date "2018.04.24"]
[Round "5"]
[White "Verbovsky, Michal"]
[Black "Steiniger, Florian"]
[Result "1-0"]
[WhiteElo "1924"]
[BlackElo "1777"]
[PlyCount "207"]
[EventDate "2018.04.21"]
[EventType "swiss"]
[EventRounds "9"]
[EventCountry "SVK"]
[SourceTitle "EXT 2019"]
[Source "ChessBase"]
[SourceDate "2018.10.10"]
[SourceVersion "1"]
[SourceVersionDate "2018.10.10"]
[SourceQuality "1"]

1. e4 e5 2. Nf3 Nc6 3. Nc3 f5 4. d3 Nf6 5. Bg5 Bb4 6. Nd2 Bxc3 7. bxc3 h6 8. Bxf6 Qxf6 9. exf5 Qxf5 10. Qf3 d6 11. g3 Qxf3 12. Nxf3 Bg4 13. Bg2 0-0 14. Nd2 Rad8 15. Bd5+ Kh8 16. 0-0 Bh5 17. Rab1 Rb8 18. Bxc6 bxc6 19. Rb3 Rb6 20. Ra3 Rb2 21. Rc1 Rb7 22. Ra6 c5 23. c4 Ra8 24. Ne4 Rb6 25. Ra5 Bf3 26. Nc3 a6 27. Ra3 Kg8 28. Rb3 Rab8 29. Rcb1 Kf7 30. Kf1 Ke6 31. Ke1 Bc6 32. a3 a5 33. Nb5 Bxb5 34. cxb5 a4 35. R3b2 c6 36. c4 d5 37. Ke2 Kd6 38. Ke3 cxb5 39. Rxb5 Rxb5 40. cxb5 c4 41. dxc4 dxc4 42. Rb4 Kc5 43. Rxa4 Rxb5 44. Ra7 Rb3+ 45. Ke4 Rd3 46. Kxe5 Rd2 47. Rc7+ Kb5 48. Rxg7 Rxf2 49. Rb7+ Kc5 50. Rc7+ Kb5 51. Kd4 Rd2+ 52. Kc3 Rd3+ 53. Kb2 Rd2+ 54. Kc3 Rd3+ 55. Kc2 Rxa3 56. Rb7+ Kc6 57. Rf7 Kd5 58. Rf5+ Ke4 59. Rf4+ Ke3 60. Rh4 Ra6 61. Kc3 Ra3+ 62. Kb4 Ra2 63. Rxh6 Rc2 64. h4 Kd4 65. Rd6+ Ke5 66. Rg6 Kd4 67. Rd6+ Ke5 68. Rd8 Kf6 69. Rc8 Rg2 70. Rg8 Kf7 71. Rg5 Rc2 72. h5 c3 73. Kb3 Rc1 74. Rc5 Kg7 75. g4 Rg1 76. Rg5+ Kh7 77. Kxc3 Re1 78. Kd4 Re7 79. Kd5 Ra7 80. Rg6 Ra5+ 81. Ke4 Ra4+ 82. Kf3 Rb4 83. Kg3 Rb3+ 84. Kh4 Rb4 85. Re6 Rb1 86. Kg5 Rb8 87. Re7+ Kh8 88. Kf6 Rg8 89. g5 Ra8 90. g6 Ra6+ 91. Kg5 Ra5+ 92. Kh6 Ra8 93. Re5 Rg8 94. Kg5 Ra8 95. h6 Rg8 96. Kf6 Ra8 97. Rd5 Ra6+ 98. Kf5 Ra8 99. Ke6 Rg8 100. Kf5 Ra8 101. Rd6 Rg8 102. Kf6 Ra8 103. Ke7 Rf8 104. g7+ 1-0

[Event "SVK-ch U16"]
[Site "Liptovsky Mikulas"]
[Date "2018.04.21"]
[Round "1"]
[White "Bango, Lukas"]
[Black "Steiniger, Florian"]
[Result "1-0"]
[WhiteElo "2127"]
[BlackElo "1777"]
[PlyCount "49"]
[EventDate "2018.04.21"]
[EventType "swiss"]
[EventRounds "9"]
[EventCountry "SVK"]
[SourceTitle "CBM 184 Extra"]
[Source "ChessBase"]
[SourceDate "2018.06.28"]
[SourceVersion "1"]
[SourceVersionDate "2018.06.28"]
[SourceQuality "1"]

1. e4 e5 2. f4 d5 3. exd5 c6 4. Nc3 exf4 5. Nf3 Nf6 6. d4 Bb4 7. Bxf4 Nxd5 8. Bd2 Bxc3 9. bxc3 0-0 10. Be2 Re8 11. 0-0 Nd7 12. Bd3 N7f6 13. Ne5 c5 14. Kh1 b6 15. Qf3 Be6 16. Rae1 Rc8 17. c4 Nb4 18. d5 Nxd3 19. cxd3 Bd7 20. Bg5 Ba4 21. Ng4 Rxe1 22. Rxe1 Qd6 23. Nxf6+ gxf6 24. Bxf6 Bd7 25. Re5 1-0

[Event "SVK-ch U14"]
[Site "Liptovsky Mikulas"]
[Date "2017.04.23"]
[Round "2"]
[White "Gzib, David"]
[Black "Steiniger, Florian"]
[Result "1/2-1/2"]
[WhiteElo "1864"]
[BlackElo "1577"]
[PlyCount "53"]
[EventDate "2017.04.22"]
[EventType "swiss"]
[EventRounds "9"]
[EventCountry "SVK"]
[SourceTitle "CBM 178 Extra"]
[Source "ChessBase"]
[SourceDate "2017.06.22"]
[SourceVersion "1"]
[SourceVersionDate "2017.06.22"]
[SourceQuality "1"]

1. e4 e5 2. Nf3 Nc6 3. d4 exd4 4. Nxd4 Nf6 5. Nc3 Bb4 6. Nxc6 bxc6 7. Bd3 0-0 8. 0-0 d5 9. exd5 cxd5 10. h3 Bb7 11. Qf3 d4 12. Qxb7 Rb8 13. Qf3 dxc3 14. bxc3 Bd6 15. Bg5 Re8 16. Rfe1 Rxe1+ 17. Rxe1 h6 18. Bh4 g5 19. Bg3 Bxg3 20. Qxg3 Rb2 21. h4 Nd5 22. Rd1 Nf4 23. Qe3 Nxd3 24. Rxd3 Qf6 25. Qe8+ Kg7 26. Rf3 Qe6 27. Qxe6 1/2-1/2

[Event "SVK-ch U14"]
[Site "Liptovsky Mikulas"]
[Date "2017.04.23"]
[Round "3"]
[White "Steiniger, Florian"]
[Black "Vadila, Ondrej"]
[Result "1/2-1/2"]
[WhiteElo "1577"]
[BlackElo "1771"]
[PlyCount "68"]
[EventDate "2017.04.22"]
[EventType "swiss"]
[EventRounds "9"]
[EventCountry "SVK"]
[SourceTitle "CBM 178 Extra"]
[Source "ChessBase"]
[SourceDate "2017.06.22"]
[SourceVersion "1"]
[SourceVersionDate "2017.06.22"]
[SourceQuality "1"]

1. e4 c5 2. c3 Nf6 3. e5 Nd5 4. d4 cxd4 5. cxd4 Nc6 6. Nc3 Nxc3 7. bxc3 e6 8. Nf3 Qc7 9. Bd3 d6 10. exd6 Bxd6 11. 0-0 0-0 12. Re1 e5 13. dxe5 Nxe5 14. Nxe5 Bxe5 15. Qh5 f5 16. Ba3 g6 17. Qh4 Bf6 18. Qc4+ Qf7 19. Bxf8 Qxc4 20. Bxc4+ Kxf8 21. Rad1 Rb8 22. Bb5 Kf7 23. c4 Be6 24. Rc1 a6 25. Ba4 Rd8 26. Bb3 Rd2 27. Kf1 Bd4 28. Re2 Rxe2 29. Kxe2 Bc5 30. Rd1 b6 31. f4 Ke7 32. Kf3 h5 33. Kg3 a5 34. Re1 Kf7 1/2-1/2

[Event "EU Union-ch U12"]
[Site "Kouty nad Desnou"]
[Date "2015.08.26"]
[Round "8"]
[White "Khamenya, Vitalia"]
[Black "Steiniger, Florian"]
[Result "0-1"]
[WhiteElo "1584"]
[BlackElo "1510"]
[PlyCount "52"]
[EventDate "2015.08.19"]
[EventType "swiss"]
[EventRounds "9"]
[EventCountry "CZE"]
[SourceTitle "EXT 2016"]
[Source "ChessBase"]
[SourceDate "2015.10.08"]
[SourceVersion "1"]
[SourceVersionDate "2015.10.08"]
[SourceQuality "1"]

1. d4 d5 2. Nf3 Nf6 3. e3 e6 4. Bd3 Bd6 5. Nbd2 0-0 6. 0-0 Nbd7 7. b3 c5 8. Bb2 b6 9. Ne5 Qc7 10. f4 Bb7 11. Qf3 c4 12. Nxd7 Nxd7 13. Bxh7+ Kxh7 14. Qh5+ Kg8 15. c3 Nf6 16. Qh4 Rfe8 17. Rf3 Kf8 18. Rg3 Ke7 19. Rxg7 Rh8 20. Qg5 Rag8 21. Rf1 Rxg7 22. Qxg7 Qd8 23. bxc4 dxc4 24. Qg5 Rg8 25. Qb5 Rxg2+ 26. Kh1 Rg5+ 0-1